Neustály nárst vystavovateľov a aj odborných návštevníkov

Bibliographic Details
Format: Article
Language:Slovak
PhysicalDescription:Obr.
ISSN:1335-7018
Subjects:

MARC

LEADER 00000nab a2200000 a 4500
001 vtls000774582
003 SK-MaSNL
005 20260302154116.0
008 150202c2001 xo 0 slo
015 |a SNBRB2001/11-32986 
035 |a CLN000126369 
040 |a SNKBUCL  |b slo  |c SNKBUCL  |e AACR2 
041 0 |a slo 
044 |a xo  |c SK 
080 |a 684:061.43(100)  |2 1997 
080 |a 684.4.07:684:061.43(100)  |2 1997 
245 0 0 |a Neustály nárst vystavovateľov a aj odborných návštevníkov 
300 |b Obr. 
611 1 7 |a Medzinárodný nábytkársky veľtrh  |d 2001  |c Kolín nad Rýnom, Nemecko  |2 snkbucl  |9 850244 
655 7 |a články z novín a časopisov  |2 snkbucl  |9 267496 
773 0 |t Stolársky magazín  |g Roč. 2, č. 6 (2001), s. 27  |x 1335-7018 
850 |a Slovenská národná knižnica v Martine 
852 |a SNK  |b KIS3GCP 
958 |a DE 
999 |c 1367516  |d 1369446